[Event "POHÁR města Říčany 2024"]
[Site "Městské kulturní středisko U labutě"]
[Date "2024.07.03"]
[Round "6.20"]
[White "Pavlicek, Petr"]
[Black "Kubicek, Daniel"]
[Result "1-0"]
[WhiteElo "1904"]
[BlackElo "1791"]
[WhiteFideId "325163"]
[BlackFideId "23718838"]
[PlyCount "0"]
[EventDate "2024.06.29"]

1. d4 f5 2. c4 e6 3. Nf3 Nf6 4. g3 d5 5. Bg2 Bd6 6. O-O c6 7. b3 Qe7 8. a4 O-O
9. Ba3 Bxa3 10. Nxa3 Ne4 11. Qc1 Nd7 12. Qb2 Ndf6 13. Ne5 Bd7 14. Nb1 f4
15. gxf4 Nh5 16. e3 Be8 17. Qe2 Rf6 18. Nd2 Nxd2 19. Qxd2 Bg6 20. Qe2 Qe8
21. Bf3 Nxf4 22. exf4 Rxf4 23. Rad1 Qe7 24. Nxg6 Qg5+ 25. Kh1 Qxg6 26. Rg1 Qh6
27. Rg4 Rf7 28. Re1 Raf8 29. Rg3 1-0

[Event "POHÁR města Říčany 2024"]
[Site "Městské kulturní středisko U labutě"]
[Date "2024.07.03"]
[Round "6.21"]
[White "Meca, Viktor"]
[Black "Lavrincik, Pavel"]
[Result "1-0"]
[WhiteElo "1786"]
[BlackElo "1812"]
[WhiteFideId "23739800"]
[BlackFideId "320188"]
[PlyCount "0"]
[EventDate "2024.06.29"]

1. e4 d6 2. d4 Nf6 3. Nc3 g6 4. f4 Bg7 5. Nf3 c5 6. dxc5 Qa5 7. Bd3 Qxc5 8. Qe2
O-O 9. Be3 Qa5 10. Bd2 Qd8 11. Bc4 Nc6 12. a3 Bd7 13. O-O Rc8 14. e5 dxe5
15. fxe5 Ng4 16. e6 Qb6+ 17. Kh1 Be8 18. exf7+ Bxf7 19. Bxf7+ Rxf7 20. Qe6 Nf2+
21. Rxf2 Qxf2 22. Qxc8+ Rf8 23. Qe6+ Kh8 24. Qe3 Rxf3 25. gxf3 Qh4 26. Ne4 Be5
27. f4 Bd4 28. Bc3 e5 29. Bxd4 exd4 30. Qg3 Qh5 31. Re1 Qd5 32. Qf3 Qf5 33. Ng5
Qxc2 34. Qh3 1-0

[Event "POHÁR města Říčany 2024"]
[Site "Městské kulturní středisko U labutě"]
[Date "2024.07.03"]
[Round "6.22"]
[White "Glasberger, Roman"]
[Black "Hosova, Sandra"]
[Result "0-1"]
[WhiteElo "1698"]
[BlackElo "1808"]
[WhiteFideId "398799"]
[BlackFideId "397717"]
[PlyCount "0"]
[EventDate "2024.06.29"]

1. d4 d5 2. Nf3 Nf6 3. Bf4 e6 4. e3 c5 5. c3 Nc6 6. Bd3 Bd6 7. Bg3 Ne4 8. Nbd2
f5 9. Ne5 Bxe5 10. Bxe5 Nxe5 11. dxe5 b6 12. Nf3 O-O 13. h4 Bd7 14. Qe2 Rb8
15. Bb5 c4 16. Bxd7 Qxd7 17. Nd4 b5 18. a3 a5 19. O-O Rb6 20. Rfb1 Qe7 21. g3
Qc7 22. Nf3 Rfb8 23. Kg2 b4 24. axb4 axb4 25. cxb4 Rxb4 26. Qc2 Nc5 27. Nd4 Nb3
28. Ra6 Nxd4 29. exd4 Qc8 30. Ra7 R8b7 31. Ra6 h6 32. Ra3 Rb3 33. Ra6 c3 34. Ra5
Rxb2 35. Rxb2 Rxb2 36. Qc1 Qc4 37. Rc5 Qxd4 38. Qxc3 Qxf2+ 0-1

[Event "POHÁR města Říčany 2024"]
[Site "Městské kulturní středisko U labutě"]
[Date "2024.07.03"]
[Round "6.23"]
[White "Gacho, Ondrej"]
[Black "Stork, Rostislav"]
[Result "1/2-1/2"]
[WhiteElo "1765"]
[BlackElo "1808"]
[WhiteFideId "23718102"]
[BlackFideId "354988"]
[PlyCount "0"]
[EventDate "2024.06.29"]

1. e4 e5 2. Nf3 Nf6 3. Nxe5 d6 4. Nf3 Nxe4 5. Nc3 Nxc3 6. dxc3 Nc6 7. Be3 Be7
8. Qd2 Be6 9. Bd3 Qd7 10. O-O-O a6 11. Be4 O-O-O 12. Nd4 Nxd4 13. Qxd4 Qb5
14. a4 Qe5 15. f4 1/2-1/2

[Event "POHÁR města Říčany 2024"]
[Site "Městské kulturní středisko U labutě"]
[Date "2024.07.03"]
[Round "6.24"]
[White "Zabehlicky, Jiri"]
[Black "Horyna, Josef"]
[Result "0-1"]
[WhiteElo "1653"]
[BlackElo "1805"]
[WhiteFideId "339059"]
[BlackFideId "316369"]
[PlyCount "0"]
[EventDate "2024.06.29"]

1. e4 e5 2. Nf3 Nc6 3. Bb5 g6 4. d3 Bg7 5. Bg5 Nge7 6. Nc3 a6 7. Ba4 b5 8. Bb3
h6 9. Bd2 O-O 10. O-O Nd4 11. Nxd4 exd4 12. Ne2 c5 13. c3 Bb7 14. cxd4 cxd4
15. Ng3 Kh7 16. f4 f5 17. Qe2 a5 18. a4 b4 19. Rac1 Qb6 20. Rfe1 fxe4 21. Nxe4
Nd5 22. Qg4 Ne3 23. Qxd7 Rad8 24. Qc7 Qxc7 25. Rxc7 Bxe4 26. dxe4 Rxf4 27. Bd5
Rdf8 28. Rcc1 Nxd5 29. exd5 Rf2 30. Rcd1 R2f5 31. d6 Rd8 32. Re6 Bf8 33. Be1
Rxd6 34. Rxd6 Bxd6 35. Bf2 Bc5 36. Kf1 d3 37. Rd2 Be3 38. Rxd3 Bxf2 0-1

[Event "POHÁR města Říčany 2024"]
[Site "Městské kulturní středisko U labutě"]
[Date "2024.07.03"]
[Round "6.25"]
[White "Grebeniuc, Alexandra"]
[Black "Dudkova, Josefina"]
[Result "1/2-1/2"]
[WhiteElo "1800"]
[BlackElo "1794"]
[WhiteFideId "13911635"]
[BlackFideId "23712350"]
[PlyCount "0"]
[EventDate "2024.06.29"]

1. e4 c6 2. d4 d5 3. exd5 cxd5 4. c4 Nf6 5. h3 g6 6. Nf3 Bg7 7. Be2 O-O 8. O-O
b6 9. Nc3 Bb7 10. Be3 Nc6 11. a3 Rc8 12. Rc1 dxc4 13. Bxc4 Na5 14. Be2 Nc4
15. Bxc4 Rxc4 16. Ne5 Rc8 17. Qa4 a6 18. Qb3 Qd6 19. Na4 b5 20. Rxc8 Bxc8
21. Nc5 Nd5 22. Ne4 Qe6 23. Ng5 Qd6 24. Rc1 Bxe5 25. dxe5 Qxe5 26. Nf3 Qe6
27. Nd4 Qd7 28. Bh6 Re8 29. Nc6 Bb7 30. Ne5 Qf5 31. Ng4 g5 32. Qg3 Qg6 33. Bxg5
f6 34. Be3 Kh8 35. Qf3 h5 36. Nh2 Nf4 37. Qxb7 Ne2+ 38. Kf1 Nxc1 39. Bxc1 Qc2
40. Kg1 Qxc1+ 41. Nf1 Qc8 42. Qf3 Qc5 43. Ne3 Rd8 44. Qf4 Qg5 45. Qc7 Re8
46. Qc6 Rg8 47. Qxa6 Qc5 48. Qe6 Qc1+ 49. Nf1 Qxb2 50. Qe3 Rg7 51. Qh6+ Kg8
52. Qxh5 Qxa3 53. Qe8+ Kh7 54. Qh5+ 1/2-1/2

[Event "POHÁR města Říčany 2024"]
[Site "Městské kulturní středisko U labutě"]
[Date "2024.07.03"]
[Round "6.26"]
[White "Gernert, Tomas"]
[Black "Artamonov, Mikhail"]
[Result "0-1"]
[WhiteElo "1745"]
[BlackElo "1800"]
[WhiteFideId "23750219"]
[BlackFideId "23732946"]
[PlyCount "0"]
[EventDate "2024.06.29"]

1. d4 Nf6 2. Nf3 d6 3. Bf4 g6 4. e3 Bg7 5. Bd3 O-O 6. Nbd2 Nbd7 7. h4 h5 8. Ng5
e5 9. dxe5 Nxe5 10. Bxe5 dxe5 11. Bc4 Qd6 12. c3 Qc6 13. Qf3 Qb6 14. Bb3 Bg4
15. Qg3 Qc5 16. Ndf3 Rae8 17. Nxf7 Rxf7 18. Ng5 Nd5 19. e4 Rf6 20. Bxd5+ Kh8
21. O-O Ref8 22. Rae1 Qb5 23. f3 Bd7 24. Qf2 a5 25. c4 Qa6 26. Rd1 c6 27. Bf7
R8xf7 28. Nxf7+ Rxf7 29. c5 Qc4 30. b3 Qc3 31. Qd2 Qxc5+ 32. Kh1 Qe7 33. g3 Kh7
34. Qxa5 Qe6 35. Qd2 Bc8 36. Kg1 Bh6 37. Qg2 Be3+ 38. Kh1 Qh3+ 39. Qh2 Bb6
40. Rc1 Bg4 41. Qxh3 Bxh3 42. Rfd1 Rxf3 43. Kh2 Bg4 44. Rf1 Re3 45. Rce1 Rd3
46. Rf7+ Kg8 47. Ref1 Bc5 48. Rxb7 Rd2+ 49. Kh1 Bh3 50. Rb8+ Kg7 51. Rb7+ Kh6
0-1

[Event "POHÁR města Říčany 2024"]
[Site "Městské kulturní středisko U labutě"]
[Date "2024.07.03"]
[Round "6.27"]
[White "Pesek, Jan Antonin"]
[Black "Hampel, Rudolf"]
[Result "1/2-1/2"]
[WhiteElo "1635"]
[BlackElo "1765"]
[WhiteFideId "23745010"]
[BlackFideId "323853"]
[PlyCount "0"]
[EventDate "2024.06.29"]

1. d4 Nf6 2. Nf3 d5 3. e3 e6 4. Bd3 Nbd7 5. b3 Bd6 6. Bb2 O-O 7. Nbd2 c6 8. Ne5
Re8 9. O-O Nf8 10. f4 Qc7 11. Rf3 Re7 12. Rh3 Ne8 13. Qh5 f5 14. Ndf3 Nf6
15. Qh4 1/2-1/2

[Event "POHÁR města Říčany 2024"]
[Site "Městské kulturní středisko U labutě"]
[Date "2024.07.03"]
[Round "6.28"]
[White "Kalvach, Ladislav"]
[Black "Jirousek, Tadeas"]
[Result "0-1"]
[WhiteElo "1873"]
[BlackElo "1831"]
[WhiteFideId "317284"]
[BlackFideId "382353"]
[PlyCount "0"]
[EventDate "2024.06.29"]

1. Nf3 Nf6 2. c4 e6 3. Nc3 b6 4. e4 Bb7 5. e5 Ne4 6. Nxe4 Bxe4 7. Be2 c5 8. d3
Bg6 9. Bf4 Nc6 10. Qa4 Qc7 11. Rd1 Nd4 12. Nxd4 cxd4 13. Bf3 Rc8 14. O-O Be7
15. Rfe1 O-O 16. b4 Rfd8 17. Be4 Bh5 18. Rc1 d6 19. h3 Bg6 20. Bxg6 hxg6 21. Qa3
a5 22. Qb2 axb4 23. exd6 Bxd6 24. Bxd6 Qxd6 25. Rb1 Ra8 26. Re2 Ra4 27. Qb3 Rda8
28. g3 Qc5 29. Rbb2 Qf5 30. Re4 e5 31. Kh2 Kh7 32. Qc2 f6 33. f4 R8a5 34. fxe5
fxe5 35. Qd2 Ra3 36. Qxb4 Rxd3 37. Rh4+ Kg8 38. Rf2 Rxa2 39. Rf4 Rxg3 40. Kxg3
exf4+ 41. Rxf4 Qg5+ 42. Rg4 Qe3+ 43. Kh4 Qf2+ 44. Rg3 Ra5 45. Qb1 Qf4+ 46. Rg4
Rh5# 0-1

[Event "POHÁR města Říčany 2024"]
[Site "Městské kulturní středisko U labutě"]
[Date "2024.07.03"]
[Round "6.29"]
[White "Cervenka, Petr"]
[Black "Soukup, Alexandr"]
[Result "1-0"]
[WhiteElo "1874"]
[BlackElo "1527"]
[WhiteFideId "312444"]
[BlackFideId "23763469"]
[PlyCount "0"]
[EventDate "2024.06.29"]

1. e4 e6 2. g3 d5 3. Bg2 Bd6 4. exd5 exd5 5. Bxd5 Nf6 6. Bg2 O-O 7. Ne2 c6
8. O-O Re8 9. Nbc3 Bf5 10. d3 h6 11. Bf4 Bc5 12. Qd2 Kh7 13. h3 Nbd7 14. g4 Bg6
15. Ng3 Qb6 16. Na4 Qb4 17. Nxc5 Qxc5 18. Be3 Qd6 19. f4 Kg8 20. Qf2 Nd5 21. Bd2
f6 22. a3 Re7 23. c4 Nc7 24. d4 c5 25. f5 Bf7 26. d5 Ne5 27. Bf4 b6 28. Ne4 Qd7
29. d6 Bxc4 30. dxe7 Bxf1 31. Qxf1 Qxe7 32. Bxe5 Qxe5 33. Nc3 Rd8 34. Re1 Qd4+
35. Kh1 Qd7 36. Rd1 Qe7 37. Rxd8+ Qxd8 38. Qe1 Qe8 39. Qe2 Qd8 40. Ne4 Qe7
41. Ng3 Qd8 42. Nh5 Kh7 43. Nf4 Kg8 44. Ne6 Kh7 1-0

[Event "POHÁR města Říčany 2024"]
[Site "Městské kulturní středisko U labutě"]
[Date "2024.07.03"]
[Round "6.30"]
[White "Jankovsky, Zbynek"]
[Black "Rubin, Andrej"]
[Result "0-1"]
[WhiteElo "1739"]
[BlackElo "1853"]
[WhiteFideId "23700521"]
[BlackFideId "23751738"]
[PlyCount "0"]
[EventDate "2024.06.29"]

1. b4 e5 2. Bb2 Bxb4 3. Bxe5 Nf6 4. e3 Nc6 5. Bc3 O-O 6. Bd3 d5 7. Ne2 Bd6
8. a3 a6 9. Bb2 Re8 10. h3 Ne5 11. O-O c5 12. Bxe5 Bxe5 13. c3 b5 14. f4 Bc7
15. Bc2 Bb7 16. Ng3 d4 17. cxd4 cxd4 18. Re1 dxe3 19. dxe3 Qxd1 20. Bxd1 Bxf4
21. Kf2 Be5 22. Ra2 Rad8 23. Bf3 Bxf3 24. gxf3 Rd3 25. Rd2 Bxg3+ 26. Kxg3 Rdxe3
27. Rxe3 Rxe3 28. Rd8+ Re8 29. Rd6 Ra8 30. Nc3 Kf8 31. Ne2 Ke7 32. Rb6 Nd5
33. Rb7+ Kf6 34. f4 Re8 35. Kf2 Re3 36. Rb6+ Nxb6 37. Kxe3 Nd5+ 0-1

[Event "POHÁR města Říčany 2024"]
[Site "Městské kulturní středisko U labutě"]
[Date "2024.07.03"]
[Round "6.32"]
[White "Schwartz, Michael"]
[Black "Masek, Tomas"]
[Result "1-0"]
[WhiteElo "1706"]
[BlackElo "1699"]
[WhiteFideId "14351048"]
[BlackFideId "23755580"]
[PlyCount "0"]
[EventDate "2024.06.29"]

1. e4 d5 2. exd5 Qxd5 3. Nc3 Qd6 4. d4 Nf6 5. Nf3 c6 6. Be3 Bg4 7. Be2 e6
8. O-O Be7 9. Ne5 Bxe2 10. Qxe2 Nbd7 11. Nc4 Qc7 12. Qf3 O-O 13. Bf4 Qd8
14. Rad1 Nb6 15. Ne5 Nbd5 16. Bg3 Qa5 17. Nxd5 cxd5 18. a3 Rfc8 19. c3 Qb5
20. Rd2 Qe8 21. Qe3 Ne4 22. Re2 Nxg3 23. fxg3 f6 24. Nd3 Rc6 25. Nf4 e5 26. Nxd5
Rd8 27. Nxe7+ Qxe7 28. dxe5 Re6 29. exf6 1-0

[Event "POHÁR města Říčany 2024"]
[Site "Městské kulturní středisko U labutě"]
[Date "2024.07.06"]
[Round "9.1"]
[White "Jun, Rudolf"]
[Black "Burdalev, Kirill"]
[Result "1/2-1/2"]
[WhiteElo "2232"]
[BlackElo "2348"]
[WhiteFideId "376612"]
[BlackFideId "14121913"]
[PlyCount "0"]
[EventDate "2024.06.29"]

1. e4 c6 2. d4 d5 3. Nd2 dxe4 4. Nxe4 Nf6 5. Nxf6+ exf6 6. Bf4 Be7 7. c3 Na6
8. Bd3 Nc7 9. Ne2 a5 10. a4 Nd5 11. Bg3 h5 12. h4 Bg4 13. Qd2 Qd7 14. Nf4 O-O
15. O-O g6 16. Bc4 Nxf4 17. Qxf4 Rfe8 18. Rfe1 Kg7 19. Re3 Be6 20. Bxe6 fxe6
21. Rae1 Bd8 22. Re4 1/2-1/2

[Event "POHÁR města Říčany 2024"]
[Site "Městské kulturní středisko U labutě"]
[Date "2024.07.06"]
[Round "9.2"]
[White "Kulhanek, Tomas"]
[Black "Rut, Vojtech"]
[Result "1-0"]
[WhiteElo "2319"]
[BlackElo "2028"]
[WhiteFideId "309656"]
[BlackFideId "333190"]
[PlyCount "0"]
[EventDate "2024.06.29"]

1. e4 c5 2. Nf3 Nc6 3. Bb5 e6 4. O-O Nge7 5. b3 a6 6. Bxc6 Nxc6 7. Bb2 b5 8. a4
Bb7 9. axb5 axb5 10. Rxa8 Qxa8 11. Na3 Ba6 12. c4 bxc4 13. bxc4 Qb8 14. Qa4 Qxb2
15. Qxa6 Be7 16. Qc8+ Bd8 17. Nb5 Qc2 18. Nc7+ Ke7 19. Nd5+ Ke8 20. d4 Qa4
21. Nc7+ Ke7 22. d5 Na7 23. Qb8 f6 24. e5 fxe5 25. Re1 Qa5 26. dxe6 1-0

[Event "POHÁR města Říčany 2024"]
[Site "Městské kulturní středisko U labutě"]
[Date "2024.07.06"]
[Round "9.3"]
[White "Crha, Ondrej"]
[Black "Vojta, Jakub"]
[Result "0-1"]
[WhiteElo "2171"]
[BlackElo "2266"]
[WhiteFideId "307220"]
[BlackFideId "382515"]
[PlyCount "0"]
[EventDate "2024.06.29"]

1. e4 e6 2. d4 d5 3. Nd2 Nf6 4. e5 Nfd7 5. Bd3 c5 6. c3 b6 7. f4 Ba6 8. Bxa6
Nxa6 9. Ne2 Nc7 10. O-O f5 11. exf6 Nxf6 12. Nf3 Bd6 13. Ne5 O-O 14. Ng3 g6
15. Be3 Nce8 16. c4 Ng7 17. b3 Rc8 18. Rc1 Qe7 19. Qf3 Qb7 20. Rfd1 Bxe5
21. fxe5 Ne4 22. Qe2 Nxg3 23. hxg3 cxd4 24. Bxd4 dxc4 25. Rxc4 Rxc4 26. bxc4 h5
27. Bf2 Qc7 28. g4 Rf4 29. gxh5 gxh5 30. Rd4 Rxd4 31. Bxd4 Qf7 32. Qe4 Nf5
33. Bf2 Kg7 34. Kh2 Nh6 35. Bh4 Ng4+ 36. Kg1 Qd7 37. Bf6+ Kf8 38. Bh4 Qd1+
39. Be1 Qc1 40. Kf1 Kg7 41. Ke2 Qb2+ 42. Bd2 Qxe5 43. Kf3 Nh2+ 44. Ke3 Nf1+
45. Kd3 Qxe4+ 0-1

[Event "POHÁR města Říčany 2024"]
[Site "Městské kulturní středisko U labutě"]
[Date "2024.07.06"]
[Round "9.4"]
[White "Bezdek, Tomas"]
[Black "Hlavina, Matous"]
[Result "0-1"]
[WhiteElo "1958"]
[BlackElo "2231"]
[WhiteFideId "23733551"]
[BlackFideId "386650"]
[PlyCount "0"]
[EventDate "2024.06.29"]

1. d4 f5 2. c4 Nf6 3. Nf3 g6 4. g3 Bg7 5. Bg2 d6 6. O-O O-O 7. Nc3 c6 8. b3 a5
9. Re1 Nbd7 10. Ba3 d5 11. Rc1 Nb6 12. cxd5 Nbxd5 13. Nxd5 Nxd5 14. Qd3 a4
15. b4 Nc7 16. Bb2 Be6 17. a3 Bd5 18. Nh4 Bb3 19. e4 e6 20. Nf3 Nb5 21. Qe3 Qd7
22. Ne5 Qd6 23. Nc4 Bxd4 24. Nxd6 Bxe3 25. Rxe3 Nxd6 26. exf5 Nxf5 27. Re5 Nd6
28. Bh3 Kf7 29. Rce1 Rfe8 30. Bf1 Bd5 31. h4 Rad8 32. Bd4 Bc4 33. Bb6 Rd7
34. Bh3 Nb5 35. R5e4 Bb3 36. Rf4+ Kg7 37. h5 g5 38. Rfe4 Kf7 39. f4 Bd5 40. R4e3
gxf4 41. gxf4 Nd6 42. Bd4 Rg8+ 43. Kh2 Nf5 44. Bxf5 exf5 45. Rg3 Rxg3 46. Kxg3
Bf3 47. Bb2 Bxh5 48. Re5 Bg4 49. b5 Rd3+ 50. Kg2 Rd2+ 0-1

[Event "POHÁR města Říčany 2024"]
[Site "Městské kulturní středisko U labutě"]
[Date "2024.07.06"]
[Round "9.5"]
[White "Walek, Petr"]
[Black "Pisar, Tomas"]
[Result "1-0"]
[WhiteElo "2294"]
[BlackElo "1971"]
[WhiteFideId "339393"]
[BlackFideId "23701501"]
[PlyCount "0"]
[EventDate "2024.06.29"]

1. d4 Nf6 2. Nf3 g6 3. c4 Bg7 4. g3 c6 5. Nc3 d5 6. cxd5 cxd5 7. Ne5 O-O 8. Bg2
Nc6 9. O-O Be6 10. Nxc6 bxc6 11. Na4 Bf5 12. Bf4 Ne4 13. Be3 Rb8 14. Rc1 Qa5
15. b3 Qb5 16. Rc5 Qa6 17. Qd2 Rb5 18. Rfc1 Rc8 19. h3 Nf6 20. g4 Be6 21. Qc2
Rb7 22. Bd2 Nxg4 23. Bf1 Nxf2 24. e3 Nxh3+ 25. Kg2 Rb5 26. Bxb5 Qb7 27. Bxc6 Qb8
28. Bd7 Rxc5 29. Nxc5 1-0

[Event "POHÁR města Říčany 2024"]
[Site "Městské kulturní středisko U labutě"]
[Date "2024.07.06"]
[Round "9.6"]
[White "Topencik, Bruno"]
[Black "Hejsek, Lukas"]
[Result "1-0"]
[WhiteElo "2070"]
[BlackElo "2029"]
[WhiteFideId "23716550"]
[BlackFideId "393860"]
[PlyCount "0"]
[EventDate "2024.06.29"]

1. d4 Nf6 2. c4 c5 3. d5 b5 4. Qc2 bxc4 5. e4 d6 6. Bxc4 g6 7. Nf3 Bg7 8. O-O
O-O 9. h3 Nbd7 10. Na3 Nb6 11. Rb1 Nxc4 12. Nxc4 Nxd5 13. Bd2 Nb6 14. Ne3 a5
15. Bc3 h5 16. Bxg7 Kxg7 17. Qd2 f6 18. Nh4 Be6 19. f4 Nc4 20. Nxc4 Bxc4 21. Rf3
Bxa2 22. Re1 Bf7 23. Ree3 Rb8 24. Rg3 Kh7 25. Qe2 Qe8 26. e5 dxe5 27. fxe5 Rb4
28. Nxg6 Bxg6 29. exf6 Rb7 30. fxe7 Rf6 31. Re5 c4 32. Rxg6 Rxg6 33. Rxh5+ Rh6
34. Qe4+ Kg7 35. Rg5+ Kf7 36. Qd5+ Re6 37. Rf5+ Kxe7 38. Qxb7+ 1-0

[Event "POHÁR města Říčany 2024"]
[Site "Městské kulturní středisko U labutě"]
[Date "2024.07.06"]
[Round "9.7"]
[White "Verner, Matej"]
[Black "Korniichuk, Oleksandra"]
[Result "0-1"]
[WhiteElo "2043"]
[BlackElo "1956"]
[WhiteFideId "23729236"]
[BlackFideId "14155656"]
[PlyCount "0"]
[EventDate "2024.06.29"]

1. e4 c5 2. Nf3 Nc6 3. d4 cxd4 4. Nxd4 Nf6 5. Nc3 e5 6. Ndb5 d6 7. Nd5 Nxd5
8. exd5 Nb8 9. c4 a6 10. Nc3 Be7 11. Bd3 O-O 12. Be3 f5 13. f3 Nd7 14. O-O Bg5
15. Bf2 Qf6 16. Qc2 Nc5 17. b4 Nxd3 18. Qxd3 Qh6 19. c5 Bd7 20. cxd6 e4 21. fxe4
fxe4 22. Nxe4 Bb5 23. Qg3 Bf4 24. Qh4 Qxh4 25. Bxh4 Bxf1 26. Rxf1 Bxh2+ 27. Kxh2
Rxf1 28. d7 Rf4 0-1

[Event "POHÁR města Říčany 2024"]
[Site "Městské kulturní středisko U labutě"]
[Date "2024.07.06"]
[Round "9.8"]
[White "Pressler, Tobias"]
[Black "Vysinsky, Otakar"]
[Result "1/2-1/2"]
[WhiteElo "2005"]
[BlackElo "1941"]
[WhiteFideId "23715359"]
[BlackFideId "23719818"]
[PlyCount "0"]
[EventDate "2024.06.29"]

1. e4 e5 2. Nf3 Nc6 3. d4 exd4 4. Nxd4 Nf6 5. Nxc6 bxc6 6. Bd3 Bc5 7. e5 Qe7
8. O-O Nd5 9. Nd2 O-O 10. Nf3 d6 11. Bg5 f6 12. exf6 Nxf6 13. Re1 Qf7 14. h3 Qh5
15. Bc4+ Kh8 16. Bxf6 Rxf6 17. Nd4 Qg6 18. Re3 Rf4 19. c3 Bd7 20. Qe2 Raf8
21. Rf1 Bxd4 22. cxd4 Rxd4 23. Be6 Bxe6 24. Rxe6 Rd2 25. Qe3 Rd3 26. Qe2 Rd2
27. Qe3 Rd3 28. Qe2 Rd2 1/2-1/2

[Event "POHÁR města Říčany 2024"]
[Site "Městské kulturní středisko U labutě"]
[Date "2024.07.06"]
[Round "9.9"]
[White "Ocelak, David"]
[Black "Vavrinec, Tomas"]
[Result "1-0"]
[WhiteElo "1815"]
[BlackElo "1922"]
[WhiteFideId "23728795"]
[BlackFideId "318353"]
[PlyCount "0"]
[EventDate "2024.06.29"]

1. e4 e6 2. d4 d5 3. Nd2 Be7 4. e5 Nh6 5. c3 c5 6. dxc5 Nd7 7. Ngf3 Ng4 8. Qa4
h5 9. h3 Nh6 10. Bd3 Bxc5 11. O-O Be7 12. Re1 a6 13. Nf1 Rb8 14. Nd4 Qc7 15. Bf4
b5 16. Qd1 g6 17. Qd2 Nf5 18. Bxf5 gxf5 19. Nxf5 Nc5 20. Nd6+ Kf8 21. Bh6+ Kg8
22. Ng3 Ne4 23. Rxe4 dxe4 24. Qf4 Rh7 25. Nxh5 Bb7 26. Qg3+ Kh8 27. Bg7+ Kg8
28. Nf6+ Bxf6 29. exf6 Rd8 30. Nf5 1-0

[Event "POHÁR města Říčany 2024"]
[Site "Městské kulturní středisko U labutě"]
[Date "2024.07.06"]
[Round "9.11"]
[White "Grebeniuc, Alexandra"]
[Black "Veverka, Vladimir"]
[Result "1/2-1/2"]
[WhiteElo "1800"]
[BlackElo "1968"]
[WhiteFideId "13911635"]
[BlackFideId "23716568"]
[PlyCount "0"]
[EventDate "2024.06.29"]

1. e4 c5 2. Nf3 d6 3. Bb5+ Nd7 4. O-O a6 5. Bxd7+ Qxd7 6. c3 Nf6 7. e5 dxe5
8. Nxe5 Qd5 9. Re1 e6 10. d3 b5 11. Nd2 Bb7 12. Ndf3 Bd6 13. b3 Bc7 14. Bb2 h5
15. c4 Qd6 16. d4 Rd8 17. dxc5 Qxc5 18. Qe2 O-O 19. cxb5 Qxb5 20. Rac1 Qxe2
21. Rxe2 Bb6 22. Nc4 Ba7 23. Ba3 Bxf3 24. gxf3 Rfe8 25. Nd6 Re7 26. Rc6 Ra8
27. Kf1 Bd4 28. Rc4 Bb6 29. Rc6 Nd5 30. Rec2 Rc7 31. Ne4 Rac8 32. R6c4 Rxc4
33. bxc4 Nf4 34. c5 Bc7 35. Rb2 Rb8 36. Rxb8+ Bxb8 37. c6 Nd5 38. h3 f6 39. Nc5
Bd6 40. Ke2 Kf7 41. Kd3 Ke8 42. Kc4 Bxc5 43. Kxc5 Kd8 44. Bc1 Kc7 45. Bd2 g5
46. Ba5+ Kc8 47. Bd2 1/2-1/2

[Event "POHÁR města Říčany 2024"]
[Site "Městské kulturní středisko U labutě"]
[Date "2024.07.06"]
[Round "9.12"]
[White "Dudkova, Josefina"]
[Black "Kaplanova, Dominika"]
[Result "0-1"]
[WhiteElo "1794"]
[BlackElo "1912"]
[WhiteFideId "23712350"]
[BlackFideId "23737344"]
[PlyCount "0"]
[EventDate "2024.06.29"]

1. c4 e5 2. Nc3 Nf6 3. g3 d5 4. cxd5 Nxd5 5. Bg2 Nb6 6. Nf3 Nc6 7. O-O Be7
8. d3 Nd7 9. Be3 O-O 10. d4 exd4 11. Nxd4 Nxd4 12. Bxd4 c6 13. e4 Re8 14. f4 Bc5
15. Bxc5 Nxc5 16. Qc2 Qb6 17. Kh1 f6 18. h3 Ne6 19. Rad1 Nf8 20. e5 fxe5
21. fxe5 Be6 22. Kh2 Qc5 23. a3 Qxe5 24. Rde1 Qc5 25. Qe4 Bc4 26. b4 Rxe4
27. bxc5 Re6 28. Rxe6 Nxe6 29. Rf5 Rd8 30. Ne4 Bd5 31. Nd6 Bxg2 32. Kxg2 Nxc5
33. Rxc5 Rxd6 0-1

[Event "POHÁR města Říčany 2024"]
[Site "Městské kulturní středisko U labutě"]
[Date "2024.07.06"]
[Round "9.13"]
[White "Gacho, Ondrej"]
[Black "Blumel, Otto"]
[Result "0-1"]
[WhiteElo "1765"]
[BlackElo "1907"]
[WhiteFideId "23718102"]
[BlackFideId "303852"]
[PlyCount "0"]
[EventDate "2024.06.29"]

1. e4 c5 2. Nf3 Nf6 3. e5 Nd5 4. Nc3 e6 5. Ne4 Nc6 6. c4 f5 7. Nc3 Nf4 8. d4
Ng6 9. d5 Ncxe5 10. Nxe5 Nxe5 11. dxe6 dxe6 12. Qxd8+ Kxd8 13. Bf4 Ng6
14. O-O-O+ Bd7 15. Bg5+ Be7 16. Bxe7+ Kxe7 17. Be2 Bc6 18. f3 Nf4 19. Rhg1 Rad8
20. g3 Rxd1+ 21. Bxd1 Nd3+ 22. Kb1 Ne5 23. f4 Nxc4 24. Re1 Rd8 25. Kc1 Nd2
26. Re2 Nf3 27. Nb1 b5 28. Rc2 Ne1 29. Rc3 Nd3+ 30. Kc2 Nb4+ 31. Kb3 Rxd1
32. Rxc5 Rxb1 33. Kxb4 Kd6 0-1

[Event "POHÁR města Říčany 2024"]
[Site "Městské kulturní středisko U labutě"]
[Date "2024.07.06"]
[Round "9.14"]
[White "Rossler, Erik"]
[Black "Novotny, David"]
[Result "1-0"]
[WhiteElo "1797"]
[BlackElo "2034"]
[WhiteFideId "23719761"]
[BlackFideId "374083"]
[PlyCount "0"]
[EventDate "2024.06.29"]

1. e4 c5 2. Nf3 d6 3. d4 cxd4 4. Nxd4 Nf6 5. f3 e5 6. Nb5 a6 7. N5c3 Be6 8. Bg5
Qb6 9. b3 Nbd7 10. Na4 Qa5+ 11. Bd2 Qd8 12. Bg5 b5 13. Nac3 Qa5 14. Bd3 Rc8
15. Bd2 b4 16. Na4 d5 17. exd5 Nxd5 18. O-O N7b6 19. Nxb6 Qxb6+ 20. Kh1 Qd4
21. Bxa6 Qxa1 22. Bxc8 Bxc8 23. Qe2 Qd4 24. Rd1 Be6 25. Qb5+ Kd8 26. Bg5+ f6
27. Rxd4 exd4 28. Bh4 Bd6 29. Bg3 Bxg3 30. hxg3 Ke7 31. Qb7+ Kd6 32. Nd2 g6
33. Nc4+ Kc5 34. Qa6 Re8 35. Qd6+ Kb5 36. a4+ bxa3 37. Nxa3+ Ka5 38. Qc5+ Ka6
39. Qc6+ 1-0